000 00620nam a2200241Ia 4500
003 OSt
005 20221007100529.0
006 a|||||r|||| 00| 0
007 ta
008 221006b |||||||| |||| 00| 0 eng d
024 _a4,551
037 _cTextual
040 _aLCO
_cLCO
_beng
041 _2eng
_aeng
082 _aV73:2:2(Zy7), M1
100 _aWOLL Peter
245 0 _aConstitution law- cases and comments
260 _aEnglewood
_b#NAME?
_c1981
300 _a923
650 _aCONSTITUTIONAL LAW
_9681314
942 _hV73:2:2(Zy7), M1
_cTEXL
999 _c1174114
_d1174114